[Event "Candidates sf2"]
[Site "Dortmund"]
[Date "2002.07.15"]
[Round "3"]
[White "Bareev, Evgeny"]
[Black "Topalov, Veselin"]
[Result "1-0"]
[WhiteElo "2726"]
[BlackElo "2745"]
[Annotator "Ftacnik,L"]
[PlyCount "121"]
[EventDate "2002.07.13"]
[EventType "match"]
[EventRounds "4"]
[EventCountry "GER"]
[SourceTitle "CBM 090"]
[Source "ChessBase"]
[SourceDate "2002.09.20"]
[SourceVersion "1"]
[SourceVersionDate "2002.09.20"]
[SourceQuality "1"]

1. d4 Nf6 2. c4 g6 3. Nc3 Bg7 4. e4 d6 5. Be2 O-O 6. Nf3 e5 7. O-O Nc6 8. d5
Ne7 9. b4 Nh5 10. Re1 f5 11. Ng5 Nf6 12. f3 c6 13. Kh1 h6 (13... Kh8 14. b5 c5
15. Ne6 Bxe6 16. dxe6 Ne8 17. Nd5 Ng8 18. exf5 gxf5 19. g4 fxg4 20. fxg4 e4 21.
Rb1 Qh4 22. Bf4 {1-0 Bacrot,E-Motylev,A/Linares 2001/ (39)}) (13... Nh5 14. b5
h6 15. Ne6 Bxe6 16. dxe6 f4 17. bxc6 Nxc6 18. Nd5 Re8 19. e7 Nxe7 20. Nxe7+
Qxe7 21. Qd5+ Kh8 22. Ba3 Red8 {0-1 Estremera Panos,S-Avrukh,B/Andorra 2001/ 
(48)}) 14. Ne6 Bxe6 15. dxe6 Ne8 (15... Qc7) 16. Qb3 (16. b5 c5 17. Nd5 Nc7 18.
Nxc7 Qxc7 19. exf5 gxf5 20. g4 Kh8 21. Rg1 Rf6 22. gxf5 Nxf5 23. Bd3 {1-0 Lima,
D-Romero Holmes,A/Leon/1996/ (37)}) 16... Nc7 17. c5 $146 {[%mdl 4] Bareev is
developing his pieces to best squares, but black's magnificient pawn center
promises serious counterchances.} (17. Be3 Kh7 18. c5 d5 19. exd5 cxd5 20. Rad1
d4 21. Nb5 Ncd5 22. Bg1 a5 23. a3 axb4 24. axb4 Nc6 25. Bc4 Ndxb4 26. Nxd4 exd4
27. e7 Nxe7 28. Qxb4 Qc7 {1/2-1/2 Degraeve,J-Howell,J/Groningen 1995/ (42)})
17... d5 18. exd5 cxd5 19. Bb2 $1 (19. b5 e4 $1) 19... Qe8 (19... d4 20. Nb5 $1
b6 21. Rac1 bxc5 22. Rxc5 $13) (19... e4 20. Rad1 Qe8 21. fxe4 fxe4 22. Nxd5
Ncxd5 23. Bxg7 Kxg7 24. Rxd5 Nxd5 25. Qxd5 $14) 20. Rad1 (20. Nxd5 $5 Ncxd5 (
20... Nexd5 21. Bc4 Qxe6 22. Rad1 Rad8 23. Bxe5 Bxe5 24. f4 $16) 21. Rad1 Qc6 (
21... Rd8 22. Bc4 Nf4 23. Rd7 Kh8 24. Rxb7 Nc6 25. e7 Nxe7 26. Rxe5 $1 $18) 22.
Bc4 Rad8 23. Bxe5 Bxe5 24. Rxe5 Nf6 $15) 20... Rd8 (20... d4 21. b5 dxc3 22.
Bxc3 a6 23. a4 axb5 24. axb5 Qb8 25. Bc4 b6 26. Rd7 $13) 21. a4 a6 22. b5 $1 {
White has to push hard for queenside activity, otherwise black's forces will
become too coordinated.} Kh7 (22... e4 $5 $13) 23. Ba3 Nxe6 (23... e4 24. fxe4
fxe4 25. Bg4 $13) 24. bxa6 Nd4 (24... bxa6 25. Bxa6 (25. Nxd5 Nxd5 (25... Nd4
26. Rxd4 exd4 27. Nc7 Qc6 28. Ne6 $11) 26. Rxd5 Rxd5 27. Qxd5 Qxa4 28. Qxe6
Qxa3 $15) 25... Nd4 26. Qa2 $11) 25. Qxb7 (25. Rxd4 exd4 26. Bb5 (26. axb7 dxc3
27. Bb5 Qf7 28. c6 Rfe8 $17) (26. Nd1 bxa6 27. Bxa6 Qf7 $17) 26... Qf7 27. Ne2
bxa6 28. Bxa6 Nc6 $17) 25... Rb8 26. Qc7 Nc2 $1 (26... Rc8 27. Qb6 Rb8 28. a7
Rxb6 29. cxb6 $36) 27. Nb5 (27. Bb5 $6 Qf7 28. Re2 Nxa3 29. Nxd5 Nxd5 30. Qxf7
Rxf7 31. Rxd5 Nxb5 32. axb5 Rxb5 $19) 27... Qd8 (27... Rc8 28. Qb6 Rb8 29. Qa5
Nc6 30. Qd2 Nxe1 31. Qxe1 Qd7 $15) (27... Nxe1 28. Rxe1 Rc8 29. Qb6 (29. Qb7)
29... Rc6 30. a7 Rxb6 31. cxb6 Qc6 32. Bxe7 Qxb6 33. Bxf8 Qa5 34. Bc5 $3 Qxe1+
35. Bg1 Qa5 36. Nc7 $18) 28. Qxd8 Rfxd8 29. c6 Nxc6 30. Rc1 Nxe1 (30... Nxa3 $2
31. Rxc6 $16) 31. Rxc6 d4 (31... Rbc8 $5 {Black might have missed the chance
to fight for an advantage in a very messy position.} 32. Rxc8 (32. Rc7 Nc2)
32... Rxc8 33. a7 Nc2 34. Bd6 Nd4 35. g3 (35. g4 Nxe2 36. Bb8 Rc1+ 37. Kg2 Nf4+
38. Kf2 Bf8 $19) 35... Nc6 36. Bb8 Rxb8 37. axb8=Q Nxb8 $17) 32. a7 $1 Rb7 33.
Bc5 d3 34. Bd1 e4 $1 35. Bb6 (35. fxe4 fxe4 36. Rc7 Rxc7 37. Nxc7 Nc2 38. a8=Q
Rxa8 39. Nxa8 e3 $19) 35... Rxb6 (35... Ra8 36. Bf2 Re7 37. Bxe1 e3 38. Kg1 d2
39. Kf1 Be5 $17) 36. Rxb6 e3 37. Re6 Nc2 (37... f4 $5 38. Nc7 Nc2 39. a8=Q Rxa8
40. Nxa8 Nd4 41. Re7 e2 42. Bxe2 Nxe2 (42... dxe2 43. Nc7 $18) 43. Rd7 Nd4 44.
Rb7 d2 45. Rb1 Nc2 46. a5 Ne3 47. a6 Bd4 48. Nc7 d1=Q+ 49. Rxd1 Nxd1 50. Nb5
$11) 38. g3 $5 (38. Nc7 f4 $11) 38... e2 $2 {No wonder that players in time
trouble make mistakes in a very complex situations, Topalov could have made a
draw with 38..Ra8!} (38... g5) (38... Ra8 $1 39. f4 Bf8 40. Bf3 (40. Kg2 Bc5)
40... e2 41. Bxe2 dxe2 42. Rxe2 Na3 43. Ra2 Nxb5 (43... Nc4 44. Rc2 Nd6 45.
Rc7+ Kg8 $11) 44. axb5 Bc5 45. Rc2 Bd4 (45... Bxa7 46. Ra2 $1) 46. Rd2 Be3 47.
Re2 $11) 39. Bxe2 dxe2 40. Rxe2 Nd4 (40... Nb4 41. Nc7 $18) 41. Nxd4 Bxd4 42.
Rd2 $1 Ra8 43. Rxd4 Rxa7 44. Kg2 g5 (44... Rc7 45. Rd2 $1) (44... Kg7 45. Kf2
Kf6 46. f4 $1) 45. Kf2 Kg6 46. Ke2 Re7+ 47. Kd2 Re5 48. Rd3 $1 f4 49. g4 $1 (
49. Rd6+ Kg7 50. gxf4 gxf4 51. Rd4 Rh5 52. Rxf4 Rxh2+ $132) 49... Kf7 $1 50.
Ra3 Ra5 51. Kc3 Ke6 52. Kb4 Ra8 53. Kc5 (53. a5 $5 Kd6 (53... Kd5 54. a6 Kc6
55. Ka5 $1 Re8 56. Rc3+ $18) 54. a6 Kc7 55. Ka5 Re8 56. Rc3+ $1 (56. Rb3 Re2)
56... Kb8 57. Kb6 Ka8 $1 (57... Re6+ 58. Rc6 $18) 58. Rc6 Rb8+ 59. Kc5 Rb3 60.
Rxh6 Rxf3 61. Rg6 Rh3 62. Rxg5 Rxh2 63. Rf5 Rf2 64. Kd4 $18) 53... Kd7 54. a5
Kc7 55. a6 Re8 $1 56. Ra2 (56. a7 Kb7 57. a8=Q+ Rxa8 58. Rxa8 Kxa8 59. Kd5 Kb7
60. Ke6 Kc6 61. Kf5 Kd5 62. Kg6 Kd4 63. Kxh6 Ke3 64. Kxg5 Kxf3 65. h4 Kg3 66.
h5 $11) (56. Rb3 $5 Rb8 57. Rxb8 Kxb8 58. Kd5 $14) 56... Kb8 $2 {Decisive
mistake as black will not get enough counterplay with his king on a8.} (56...
Re5+ $5 57. Kd4 Re8 58. a7 (58. Rb2 Re6 $1) (58. Kd5 Kb6 59. Rc2 Re3 60. Rc6+
Ka7) 58... Kb7 59. a8=Q+ Rxa8 60. Rxa8 Kxa8 61. Ke5 Kb7 62. Kf6 Kc6 63. Kg6 Kd5
64. Kxh6 Kd4 65. Kxg5 Ke3 66. h4 Kxf3 $14) 57. Rb2+ $1 Ka8 (57... Ka7 58. Rb7+
Kxa6 59. Rb6+ Ka7 60. Rxh6 Re3 61. Rh5 Rxf3 62. Rxg5 Rh3 63. Rf5 $18) 58. Rb6
h5 (58... Re3 59. Rxh6 Rxf3 60. Rg6 Rh3 61. Rxg5 Rxh2 62. Rf5 Rf2 63. Kd4 $18)
59. gxh5 Re3 60. h6 Rxf3 61. h4 $1 (61. h4 $1 gxh4 62. h7 Rc3+ 63. Kb5 Rc8 64.
Rg6 $18) 1-0

[Event "EU-Cup 30th"]
[Site "Bilbao"]
[Date "2014.09.20"]
[Round "7.4"]
[White "Shirov, Alexei"]
[Black "Bacrot, Etienne"]
[Result "1-0"]
[WhiteElo "2701"]
[BlackElo "2729"]
[Annotator "Krasenkow,M"]
[PlyCount "101"]
[EventDate "2014.09.14"]
[EventType "team-swiss"]
[EventRounds "7"]
[EventCountry "ESP"]
[SourceTitle "CBM 163"]
[Source "ChessBase"]
[SourceDate "2014.11.11"]
[SourceVersion "1"]
[SourceVersionDate "2014.11.11"]
[SourceQuality "1"]
[WhiteTeam "Malachite Sverdlovsk Region"]
[BlackTeam "Padova"]
[WhiteTeamCountry "RUS"]
[BlackTeamCountry "ITA"]

1. d4 Nf6 2. c4 g6 3. Nc3 Bg7 4. e4 d6 5. Be2 O-O 6. Nf3 e5 7. O-O Nc6 8. d5
Ne7 9. Ne1 Nd7 10. Be3 f5 11. f3 f4 12. Bf2 g5 13. Nd3 Nf6 14. c5 Ng6 15. Rc1
Rf7 16. Kh1 {In this classic position White has tried many moves:} (16. cxd6) (
16. a4) (16. b4) (16. Nb5) (16. Qb3 {etc. Alexey Shirov prefers a prophylactic
king retreat.}) 16... h5 {This move fails in the present game. Sometimes Black
can play ...g5-g4 without ...h7-h5 so} (16... Bf8 {is probably more
appropriate.} 17. a4 {- see Shirov-Radjabov in CBM 137 (annotations by IM
Tibor Karolyi)}) 17. Nb5 g4 (17... a6 18. Na3 h4 (18... g4 19. cxd6 cxd6 20.
Nc4 {needs examination}) 19. cxd6 cxd6 20. Nc4 h3 {was unsuccessive in the
following correspondence game:} 21. gxh3 Bxh3 22. Bb6 Qe7 23. Rg1 Ne8 24. Nf2 {
(stopping Black's pawn on g5)} Bd7 25. Ba5 Rc8 26. Qb3 Bb5 27. a4 Bxc4 28. Rxc4
Rxc4 29. Qxc4 Bf6 30. Rc1 Qd7 31. Bf1 Rh7 32. Qc8 Qxa4 33. Ng4 $16 {1-0 (43)
Matugin,S (1920)-Herzog,K (1830) Lechenicher SchachServer 2011}) 18. cxd6 cxd6
19. Qc2 $1 {[%mdl 4] White concentrates on the idea Nb5-c7-e6 instead of
wasting time on Black's a7-pawn.} (19. Nxa7 Bd7 20. Qb3 h4 $13) 19... g3 20.
Nc7 $1 Rxc7 (20... gxf2 21. Nxa8 Bd7 22. Nc7 {[%cal Rc7e6] is hopeless for
Black; after the text move he gets two pieces for a rook but White's rook
invades his camp and starts running wild.}) 21. Qxc7 Qxc7 22. Rxc7 gxf2 23.
Rfc1 Bd7 24. Rxb7 Bc8 25. Rbc7 Bd7 26. Nxf2 {White has a tiny material but a
huge positional advantage and converts it without problems.} Nf8 27. Rb7 Ne8 (
27... Bc8 28. Rb3 $5 {[%cal Ye2b5]}) 28. Bb5 $1 Bxb5 29. Rxb5 Bf6 30. Rb7 Bd8
31. g3 $1 Bb6 32. Nd3 fxg3 33. hxg3 Ng6 34. b4 h4 35. Kg2 Nf6 36. gxh4 Nxh4+
37. Kg3 Ng6 38. Rc6 Rd8 39. Nc5 $1 Kh8 40. Ne6 Rg8 41. Kh3 Bd4 42. Rxd6 Nf4+
43. Nxf4 exf4 44. Rf7 Rg3+ 45. Kh4 Ng8 46. Rd8 Rxf3 47. d6 Rf1 48. d7 Bb6 49.
Rb8 Rd1 50. Rff8 Kh7 51. d8=Q 1-0

[Event "EU-Cup 23rd"]
[Site "Kemer"]
[Date "2007.10.06"]
[Round "4.1"]
[White "Sasikiran, Krishnan"]
[Black "Fedorov, Alexei"]
[Result "1/2-1/2"]
[WhiteElo "2661"]
[BlackElo "2620"]
[Annotator "Krasenkow,M"]
[PlyCount "62"]
[EventDate "2007.10.03"]
[EventType "team-swiss"]
[EventRounds "7"]
[EventCountry "TUR"]
[SourceTitle "CBM 121"]
[Source "ChessBase"]
[SourceDate "2007.11.14"]
[SourceVersion "1"]
[SourceVersionDate "2007.11.14"]
[SourceQuality "1"]
[WhiteTeam "Zagreb"]
[BlackTeam "Vesnianka Gran"]
[WhiteTeamCountry "CRO"]
[BlackTeamCountry "BLR"]

1. d4 Nf6 2. c4 g6 3. Nc3 Bg7 4. e4 d6 5. Nf3 O-O 6. h3 e5 7. d5 a5 8. Bg5 Na6
9. Nd2 Qe8 10. Be2 Nd7 {One of the most solid replies to the 6.h3 system.} 11.
a3 Nb6 $5 {[%mdl 4] Alexey Shirov's idea. Black prevents b2-b4 (as the a8 rook
is now protected) and threatens 12...a4. The c5 square is left for the other
knight.} (11... f6 12. Bh4 Nb6 {is a more common move order. Here are some
games:} 13. b3 Bh6 (13... Bd7 $143 14. f3 $1 Bh6 15. Bf2 Nc5 16. Rb1 f5 17. Qc2
Qe7 18. b4 Nca4 19. Nd1 axb4 20. axb4 c6 21. dxc6 Bxc6 22. O-O Bxd2 23. Qxd2
fxe4 24. fxe4 Bxe4 25. Ra1 $44 {1-0 Rajlich,V-Campolungo/playchess.com INT
2006/CBM 113 ext (28)}) 14. Rb1 Nc5 15. b4 (15. O-O Bd7 16. Qc2 (16. b4 axb4
17. axb4 Nba4 18. Nxa4 Bxa4 19. Qe1 Bxd2 20. Qxd2 Nxe4 21. Qe3 f5 22. Rfc1 Nf6
$17 {1/2-1/2 Nenciulescu,S-Matic,D/Chessfriend.com 2005/Telechess 117 (51)})
16... f5 17. b4 Nca4 18. Nb5 Bxb5 19. cxb5 Qf7 20. Rfd1 Kh8 21. Rb3 Bxd2 22.
Rxd2 fxe4 23. Qxe4 Qf4 24. Qxf4 exf4 25. Bg5 axb4 26. axb4 Kg7 27. Rd4 Rf5 28.
Bxf4 Nxd5 29. Bd2 Nab6 $11 {1/2-1/2 Jorgensen,A-Hertel,P/ICCF Email 2002/ICCF
Telechess CBM 102 (44)}) 15... axb4 16. axb4 Nca4 17. Nb5 Qd8 (17... Qe7 18.
Nb3 Bd7 19. Qc2 Bxb5 20. cxb5 Qf7 21. f3 f5 22. O-O Be3+ 23. Kh1 g5 24. Be1 Qg7
25. Bd2 Bf4 $11 {1/2-1/2 Knap,J-Conterno,D/IECG 2005/Telechess 117 (36)}) 18.
Qb3 Kg7 19. Rd1 c6 20. Na3 c5 21. b5 Nd7 22. Nab1 Qa5 23. Rc1 Qb4 24. Rc2 Qxb3
25. Nxb3 Bg5 26. Bxg5 fxg5 27. Ra2 Nf6 28. N3d2 Bd7 29. Kd1 Nb6 30. Rxa8 Rxa8
31. Kc2 g4 32. h4 h5 33. Nc3 Kh6 34. g3 $11 {1/2-1/2 Legky,N-Shirov,A/France
1995/EXT 1997 (48)}) 12. b3 (12. O-O a4 13. b4 axb3 14. Nxb3 Bd7 15. c5 Na4 (
15... Nxc5 $5 16. Nxc5 dxc5 17. d6 cxd6 18. Qxd6 Qe6) 16. Nxa4 Bxa4 17. cxd6
cxd6 18. Qb1 Qd7 19. Nd2 b5 20. Ra2 f5 21. Rc1 Rfc8 22. Rxc8+ Rxc8 23. Rb2 Rb8
$11 {1/2-1/2 Poluljahov,A-Georgiev,K/Tivat 1995/EXT 2002 (48)}) 12... f5 13. g4
$5 (13. exf5 gxf5 {[%csl Ge5,Gf5]}) 13... fxg4 (13... f4 14. Bh4 {[%cal Yf2f3,
Yh4f2]}) 14. hxg4 Bf6 {The exchange of the dark-squared bishops is one of
Black's main strategic concepts in different KID lines.} 15. Bh6 (15. Be3 Qe7 {
[%cal Yf6g5]}) 15... Rf7 (15... Bg7 16. Be3) 16. Rg1 Qe7 17. Nf3 {White has
managed to prevent the exchange of the bishops but his pieces are now placed a
bit awkwardly.} Nc5 18. Be3 Bd7 (18... a4 $5 19. b4 Nb3 20. Rb1 {[%cal Rc3a4]}
Bd7) 19. b4 axb4 $6 {In such positions Black should not open up the a-file too
early.} (19... Nba4 $142 $1 20. Nb5 (20. bxc5 Nxc3 21. cxd6 cxd6 22. Qd3 Nxe2
23. Kxe2 Rc8 $13) 20... Bxb5 21. bxc5 $1 Nc3 22. Qd3 Nxe2 23. Kxe2 Ba6 {
with counterchances for Black as his light-squared bishop should not be
underesimated.}) 20. axb4 Rxa1 21. Qxa1 Nca4 22. Nxa4 Nxa4 23. Bd1 (23. b5 Nc5
(23... Nb6 $143 24. c5 dxc5 25. Qa3) 24. Bxc5 (24. g5 Bg7 25. Bxc5 dxc5 26.
Qa8+ Qf8 {and White can't even win a pawn}) 24... dxc5 25. Qa8+ Rf8 26. Qxb7
Qd6 {gives Black decent compensation for the missing pawn, due to the weakness
of the dark squares in White's camp.}) 23... Nb6 24. Qc1 $1 (24. g5 Bg7 25. Nd2
Rf8 $132) 24... Nc8 25. c5 (25. Ng5 $1 Rf8 26. Rh1 Bxg5 $8 27. Bxg5 Qf7 28. Be3
$14 {[%csl Ge3][%cal Yc4c5]}) 25... Bb5 26. Be2 $6 {The exchange of these
bishops is often a good idea in the King's Indian but here it helps Black, who
is constricted, to get some fresh air.} (26. Ng5 $1 {was still possible.})
26... Qe8 27. Nd2 Be7 $6 (27... Bxe2 $142 28. Kxe2 Qa4) 28. Bxb5 $6 (28. Nc4
$142) 28... Qxb5 29. Qc4 Qa4 30. Ke2 Na7 $1 31. Rc1 Nb5 {Just in time. Black's
fortress is now unassailable.} 1/2-1/2

[Event "EU-ch 6th"]
[Site "Warsaw"]
[Date "2005.06.25"]
[Round "7"]
[White "Sakaev, Konstantin"]
[Black "Fedorov, Alexei"]
[Result "1-0"]
[WhiteElo "2672"]
[BlackElo "2602"]
[Annotator "Mikhalevski,V"]
[PlyCount "71"]
[EventDate "2005.06.18"]
[EventType "swiss"]
[EventRounds "13"]
[EventCountry "POL"]
[SourceTitle "CBM 108"]
[Source "ChessBase"]
[SourceDate "2005.09.26"]
[SourceVersion "1"]
[SourceVersionDate "2005.09.26"]
[SourceQuality "1"]

{[%mdl 1]} 1. d4 Nf6 2. c4 g6 3. Nc3 Bg7 4. e4 d6 5. Nf3 O-O 6. Be2 e5 7. O-O
Nc6 8. d5 Ne7 9. Nd2 c5 10. Rb1 Ne8 11. b4 b6 12. bxc5 bxc5 13. Qa4 {It's
clear that Sakaev's preparation for this game was based on Fedorov's game
against Beliavsky, which you'll see below. The queen comes to a4 in order to
be exchanged a few moves later. Sakaev assumes that exchange of queens weakens
the d6-pawn. An additional idea might be to bring the knight via b3 to a5.} ({
It's interesting that earlier this year Sakaev played} 13. Nb3 {against the
same opponent.}) 13... Bh6 $5 {As the pawn structure shows exchange of the
darksquared bishops is in the Black's favour since all his central pawns are
on the dark squares. Moreover Fedorov wants to exploit the fact that White
didn't keep the bishops by means of 13.Nb3.} 14. Nb3 {[%cal Ga4a5,Gb3a5]} Bxc1
15. Rfxc1 {[%csl Gb1] A logical improvement over Beliavsky's play. The rook is
useful on the open b-file.} (15. Rbxc1 a5 16. f4 exf4 17. Rxf4 Bd7 18. Qa3 a4
19. Nd2 g5 20. Rf2 Ng6 21. Rcf1 Qe7 22. Nd1 Nf4 23. h4 $6 (23. Qg3 $5) 23... f6
(23... Nxe2+ $5 24. Rxe2 gxh4) 24. Ne3 h5 25. hxg5 fxg5 26. Bxh5 Nf6 27. Bd1 (
27. Bf3 $142 g4 $140 28. Bxg4 $1 $16) 27... Nxe4 28. Nxe4 Qxe4 $11 {1/2-1/2
Beliavsky,A-Fedorov,A/Istanbul 2003/CBM 096 (45). (45)}) 15... f5 (15... a5 {
Preventing penetration of the white pieces on a5 deserved attention. It's
worth notice that Fedorov already implemented a similar idea against Beliavsky.
However this move has a serious drawback- it weakens the b6 and b5-squares.
The play could continue} 16. Rb2 f5 17. Rcb1 (17. Nd2 $5) 17... fxe4 (17... Nf6
18. Nd2) 18. Nxe4 Nf5 19. Bd3 Bd7 20. Qa3 a4 21. Nbd2 {with an interesting
position which deserves further tests.}) 16. Qa5 Qd7 $6 {It looks logical to
keep the queens if not the brilliant idea prepared by Sakaev at home.} ({
If Fedorov knew what is waiting for him in the game he would probably preffered
} 16... Nf6 17. Qxd8 Rxd8 18. Nd2 {though White still looks better thanks to
control over the b-file and more space in the centre.}) 17. f4 $3 {[%csl Rc5]
White sacrifices a pawn, but breaks through in the centre and obtains a pair
of strong connected pawns in the centre.} exf4 {Black has no choice, but to
accept the sacrifice.} 18. e5 $1 {[%csl Gc4,Gd5] This is the point. Now the
c5-pawn falls down and White's c and d-pawns crush everything on their way.}
dxe5 19. Nxc5 Qd6 20. Nb3 e4 $6 {And again the most logical move turns out to
be wrong.} (20... Nf6 {Black had to try blocking of the white pawns by means of
} 21. c5 Qd8 22. d6 (22. Bc4 $5 {with the idea} Nexd5 $6 23. Nxd5 Nxd5 24. Rd1
Be6 25. Qa6 Re8 26. Rxd5 Bxd5 27. Rd1 $16) 22... Nc6 23. Qa4 Bd7 24. Nb5 {
with the idea Nc7 followed by Bb5.} Ne8 $1 {and White still has to find a way
how to unblock the pawns.}) 21. c5 Qe5 22. Qa4 $1 {[%csl Gc6][%cal Gd5d6]
White takes under control the c6-square and thus prepares d6.} (22. Bb5 $1 {
with a similar idea deserved serious attention.}) 22... Nf6 23. Qd4 $1 {
Another strong positional idea. After exchange of queens it's much more
difficult for Black to stop the pawns.} (23. d6 $6 Bd7 24. Qc4+ Be6 25. dxe7
Bxc4 26. exf8=Q+ Kxf8 27. Bxc4 {allows strong counterplay, for example after}
f3 $1) 23... Nd7 (23... Qxd4+ 24. Nxd4 Nfxd5 25. Nxd5 Nxd5 26. Bc4 Rd8 27. Nc6
{[%cal Gc6e7]} Be6 (27... Rd7 $2 28. Bxd5+ Rxd5 29. Ne7+ {[%csl Rd5,Rg8]}) 28.
Rd1 $1 Kg7 29. Nxd8 Rxd8 30. c6 $18 {[%cal Gc6c7] and White wins.}) 24. c6 $6 {
First inaccuracy of Sakaev.} ({Much stronger was} 24. Bb5 $1 {[%csl Gc6,Re7]
[%cal Gd5d6] with the idea of d6. It turns out that the e7-knight is in
trouble.} Qxd4+ ({or} 24... g5 25. Bxd7 Qxd4+ 26. Nxd4 Bxd7 27. Rb7 Rfd8 28. c6
$18 {and White wins a piece.}) 25. Nxd4 Nxc5 26. d6 $18) 24... Qxd4+ 25. Nxd4
Ne5 26. c7 $1 {[%cal Gd5d6]} Bd7 27. Bb5 $1 {Sakaev unblocks the pawns.} Bxb5
28. Rxb5 a6 29. Rb6 (29. Rb7 $1 {looks stronger.}) 29... Nc8 (29... Kf7 $1 {
was necessary and it wouldn't be easy for Sakaev to advance his pawns.}) 30.
Re6 (30. Rb8 Nd6 (30... Ra7 31. Ne6 Re8 32. d6 $1 $18) 31. Nxe4 $1 fxe4 32.
c8=Q Nxc8 (32... Rxb8 33. Qxa6 $1 $18) 33. Rxa8 $18 {with a decisive advantage
in both cases.}) 30... Nd3 31. Rb1 $1 {[%cal Gb1b8,Gd5d6] White prepares Rb8
followed by d6.} Ra7 32. d6 Nxd6 33. Rxd6 Rxc7 34. Nd5 $18 {An extra piece is
much more important than three pawns here.} Rc4 (34... Ra7 {would be a tougher
defense, but it could hardly change the outcome of the game.}) 35. Ne6 {
[%csl Rg8] Now it's over.} Ra8 36. Rd7 {[%cal Gd5f6] Black can't stop Nf6+ and
so he resigned. A very well played game by Sakaev!} 1-0